000 00354nam a2200133Ia 4500
003 GCL
008 140319s9999 xx 000 0 ara d
040 _aGCL /
_cGCL
082 0 4 _a813.01
_bى ع
245 1 0 _aالعتب على النظر
260 _a[S.N] :
_bمركز الاهرام للترجمة والنشر ،
_c1987
300 _a98 ص
490 _a
999 _c32227
_d32227